Kde hnízdí orli /
Autobiografická próza, ve které česko-nizozemská autorka popisuje svou cestu nejen za novým domovem, ale i k sobě samé, cestu od pocitu méněcennosti k sebedůvěře.
Uloženo v:
| Hlavní autor: | |
|---|---|
| Médium: | Kniha |
| Jazyk: | Czech |
| Vydáno: |
Praha :
Argo,
[2026]
|
| Vydání: | Vydání první |
| Témata: | |
| Celkem bylo vypůjčeno: | 0x |
| Tagy: |
Žádné tagy |
| LEADER | 02721cam a2200517 i 4500 | ||
|---|---|---|---|
| 001 | 106426 | ||
| 003 | CZ PrNK | ||
| 005 | 20260602075552.0 | ||
| 007 | ta | ||
| 008 | 260430t20262026xr g 000 fdcze d | ||
| 015 | |a cnb003756206 | ||
| 020 | |a 9788025750100 |q (brožováno) | ||
| 040 | |a HKA001 |b cze |d ABG001 |e rda | ||
| 072 | 7 | |a 821.11 |x Germánské literatury |2 Konspekt |9 25 | |
| 072 | 7 | |a 929 |x Biografie |2 Konspekt |9 8 | |
| 080 | |a 821.112.5-3 |2 MRF | ||
| 080 | |a 821.112.5-055.2 |2 MRF | ||
| 080 | |a 615.8.015.32-055.2 |2 MRF | ||
| 080 | |a 929 |2 MRF | ||
| 080 | |a (492) |2 MRF | ||
| 080 | |a (0:82-322.6) |2 MRF | ||
| 100 | 1 | |a Šindelářová, Ema, |d 1966- |7 xx0305620 |4 aut |9 114661 | |
| 245 | 1 | 0 | |a Kde hnízdí orli / |c Ema Šindelářová |
| 250 | |a Vydání první | ||
| 264 | 1 | |a Praha : |b Argo, |c [2026] | |
| 264 | 4 | |c ©2026 | |
| 300 | |a 241 stran ; |c 21 cm | ||
| 336 | |a text |b txt |2 rdacontent | ||
| 337 | |a bez média |b n |2 rdamedia | ||
| 338 | |a svazek |b nc |2 rdacarrier | ||
| 520 | 2 | |a Autobiografická próza, ve které česko-nizozemská autorka popisuje svou cestu nejen za novým domovem, ale i k sobě samé, cestu od pocitu méněcennosti k sebedůvěře. |b Když se Ema, česká emigrantka žijící v Nizozemí, rozhodne s partnerem Basem koupit opuštěnou usedlost ve španělských horách Las Alpujarras, věří, že začíná nová, idylická kapitola života. Namísto růžového sadu se však hned po dramatickém odjezdu uprostřed první vlny pandemie a tvrdého lockdownu noří do nelítostného boje s vlhkostí, nefunkčním topením a zarostlou džunglí namísto zahrady. Rychle však pochopí, že těžší než práce na pozemku je Basova emocionální zeď, kterou si před světem vytvořil, a její vlastní strach z opuštění, čímž se hledání hnízda mění v cestu za vnitřní svobodou. Nakladatelská anotace. | |
| 600 | 1 | 7 | |a Šindelářová, Ema, |d 1966- |7 xx0305620 |2 czenas |9 114661 |
| 648 | 7 | |a 20.-21. století |7 ch462155 |2 czenas |9 53009 | |
| 650 | 0 | 7 | |a nizozemské spisovatelky |7 ph123308 |y 20.-21. století |2 czenas |
| 650 | 0 | 7 | |a homeopatky |7 ph870900 |y 20.-21. století |z Nizozemsko |2 czenas |
| 650 | 9 | |a Dutch women authors |y 20th-21st centuries |2 eczenas | |
| 650 | 9 | |a women homeopats |z Netherlands |2 eczenas | |
| 655 | 7 | |a nizozemské prózy |7 fd183160 |2 czenas |9 54063 | |
| 655 | 7 | |a autobiografické prózy |7 fd131850 |2 czenas |9 53454 | |
| 655 | 9 | |a Dutch prose |2 eczenas | |
| 655 | 9 | |a autobiographical prose |2 eczenas | |
| 710 | 2 | |a Nakladatelství Argo |7 ko2002160146 |4 pbl |9 117117 | |
| 910 | |a UOG502 | ||
| 942 | |2 ddc |c KN | ||
| 999 | |d 106426 | ||
| 993 | |0 0 |1 421180107140 |2 ddc |4 0 |7 0 |9 99847 |b 0 |c 107140 |d 2026-06-02 |e 0 |f DOSP |h 388.00 |i Koupě |l DOSP |r 2026-06-02 |t 6 |w 2026-06-02 |y KN |z BELET |n | ||